000 00471nam a2200181Ia 4500
001 21375
005 20260306172914.0
008 260306t2021||||xx |||||||||||||| ||spa||
041 _aESP
082 _a344.6
_bZ95
100 _aZúñiga Rodríguez, Laura,
_eAUT
245 0 _aFundamentos de la responsabilidad penal de las personas jurídicas
260 _c2021
300 _a477 páginas :
_c24 cm.
650 _aGEN
654 _aCDE
942 _cLIB
_dJUS
_fJUS
_2ddc
_n
999 _c21375
_d21375